000 00579nam a2200181Ia 4500
008 090124s9999 xx 000 0 und d
082 _b16369
100 _aशिरवाडकर वसंत
245 _a ग्रह आणि आग्रह
250 _a0
260 _bअभिनव प्रकाशन
_c1976
300 _a148
600 _aशिरवाडकर वसंत
630 _a ग्रह आणि आग्रह
700 _aशिरवाडकर वसंत
730 _a ग्रह आणि आग्रह
942 _cBOOK
999 _c88669
_d88669